Cây cỏ có ích ở Việt Nam

Сохранить в:
Библиографические подробности
Главный автор: Võ Văn Chi
Формат:
Опубликовано: H. Nxb. Giáo dục
Метки: Добавить метку
Нет меток, Требуется 1-ая метка записи!
Thư viện lưu trữ: Mạng thư viện Đại học Đà Nẵng
LEADER 00628nam a2200217 4500
001 000014154
003 10511
005 20150812150831.0
008 120329s sd
100 0 |a Võ Văn Chi 
245 0 0 |a Cây cỏ có ích ở Việt Nam  |c Võ Văn Chi, Trần Hợp 
260 |a H.  |b Nxb. Giáo dục 
774 |a Võ Văn Chi  |d Giáo dục  |d H.  |d 1999  |g T.1  |h 815tr : hình vẽ, ảnh  |w 10510 
OWN |a LSP 
999 |a From the UDN01 
TYP |a Monograph 
TYP |a Printed language 
980 |a Mạng thư viện Đại học Đà Nẵng